000 00356nam a2200157Ia 4500
005 20250317173305.0
008 240331s9999 xx 000 0 und d
082 _bJAN
_a894
100 _aJanakiraman, T
245 0 _aMarappasu
250 _a5th
260 _aMadras
_bAinthinai Pathippagam
_c1991
300 _a319 p .,
500 _aA novel
942 _cL
999 _c3985
_d3985